El chamán y el jaguar : estudio de las drogas narcóticas entre los indios de Colombia /
Entre los pueblos indígenas de América es conocido el vínculo estrecho que estas culturas establecen entre las drogas y el jaguar; este animal es el más prominente en el pensamiento, el mito, el ritual y el chamanismo de los indígenas. El autor aborda en el presente texto este problema a partir de l...
Αποθηκεύτηκε σε:
| Κύριος συγγραφέας: | |
|---|---|
| Μορφή: | Βιβλίο |
| Γλώσσα: | Ισπανικά |
| Έκδοση: |
México :
Siglo XXI,
1978, c1978
|
| Σειρά: | (Antropología Siglo XXI)
|
| Θέματα: | |
| Ετικέτες: |
Δεν υπάρχουν, Καταχωρήστε ετικέτα πρώτοι!
|
MARC
| LEADER | 00000nam^a2200000^a^4500 | ||
|---|---|---|---|
| 001 | 000131843 | ||
| 005 | 20250521000000.0 | ||
| 009 | 20260310095037.295 | ||
| 020 | |a 968-23-0285-4 | ||
| 037 | |a Acervo ITESO - Biblioteca | ||
| 041 | |a ESP | ||
| 082 | |a 306. 08998 |b REI | ||
| 100 | |a Reichel-Dolmatoff, Gerardo |e (autor) | ||
| 245 | 1 | 3 | |a El chamán y el jaguar : |b estudio de las drogas narcóticas entre los indios de Colombia / |c G. Reichel-Dolmatoff ; pref. de Richard Evans Schultes ; tr. por Félix Blanco. |
| 264 | 4 | |a México : |b Siglo XXI, |c 1978, c1978 | |
| 300 | |a 266 p. | ||
| 336 | |a texto |b txt |2 rdacontenido | ||
| 337 | |a sin mediación |b n |2 rdamedio | ||
| 338 | |a volumen |b nc |2 rdasoporte | ||
| 440 | 1 | |a (Antropología Siglo XXI) | |
| 500 | |a Traducción de: The Shaman and the Jaguar: a Study of Narcotic Drugs among the Indians of Colombia | ||
| 520 | |a Entre los pueblos indígenas de América es conocido el vínculo estrecho que estas culturas establecen entre las drogas y el jaguar; este animal es el más prominente en el pensamiento, el mito, el ritual y el chamanismo de los indígenas. El autor aborda en el presente texto este problema a partir de los pueblos indios de Colombia. | ||
| 649 | |a XX | ||
| 650 | |a Jaguares - |z América | ||
| 650 | |a Animales Mitológicos - |z América | ||
| 650 | |a Alucinógenos - |x Aspectos Sociales y Culturales | ||
| 650 | |a Drogas | ||
| 650 | |a Chamanismo - |z Colombia | ||
| 650 | |a Prácticas Culturales - |z Colombia | ||
| 650 | |a Prácticas Culturales - |z América del Sur | ||
| 650 | |a Indígenas de América del Sur - |z Colombia | ||
| 650 | |a Mitología Americana | ||
| 650 | |a Religión | ||
| 650 | |a Antropología Cultural | ||
| 650 | |a Sociología de la Cultura | ||
| 910 | |a Fondo General | ||
| 920 | |a Impresos - Libros | ||
| 930 | |a Colección General | ||
| 905 | |a 101 | ||
| 901 | |a 0500061350 |b IT1 |c ACC |u 20250521 | ||
| 902 | |a https://opac.biblio.iteso.mx/vufind/Record/000131843 | ||